000
00294nam a2200121Ia 4500
008
190216s9999||||xx |||||||||||||| ||und||
100
_a
Amrchand D
245
0
_a
Promotion And Controll Of Private Industry In India
260
_b
Null
_c
1976
300
_a
336p
650
_a
Economics
942
_c
BK
999
_c
9434
_d
9434